[Event "TUR-chT 1st League"]
[Site "Denizli"]
[Date "2023.07.13"]
[Round "7.13"]
[White "Soysal, Serkan"]
[Black "Kazik, Oguz Kagan"]
[Result "1-0"]
[WhiteElo "2394"]
[BlackElo "1978"]
[PlyCount "101"]
[EventDate "2023.07.09"]
[EventType "team-swiss"]
[EventRounds "9"]
[EventCountry "TUR"]
[SourceTitle "CBM 215 Extra"]
[Source "ChessBase"]
[SourceDate "2023.09.30"]
[SourceVersion "1"]
[SourceVersionDate "2023.09.30"]
[SourceQuality "1"]
[WhiteTeam "Pamukkale Universiteli"]
[BlackTeam "Olbia Satranc"]
[WhiteTeamCountry "TUR"]
[BlackTeamCountry "TUR"]

1. d4 Nf6 2. Nf3 g6 3. Nc3 d5 4. Bf4 Bg7 5. Nb5 Na6 6. e3 c6 7. Nc3 Nc7 8. Be2 0-0 9. Ne5 Ne6 10. Bg3 c5 11. Qd2 cxd4 12. exd4 Nc7 13. h4 Nce8 14. h5 Nd6 15. hxg6 fxg6 16. Bf3 e6 17. Bf4 Nf7 18. 0-0-0 Nxe5 19. dxe5 Nd7 20. Rde1 Nb6 21. b3 Bd7 22. Bh6 Qe7 23. Bxg7 Qxg7 24. a4 Qe7 25. Kb1 Bc6 26. Qd4 Nd7 27. Bg4 Rf7 28. f4 Nc5 29. g3 Rd8 30. Rh2 a6 31. Rd1 Rd7 32. Kb2 Ne4 33. Nxe4 dxe4 34. Qb6 Rxd1 35. Bxd1 Qe8 36. Rd2 Rd7 37. Rd6 Rxd6 38. exd6 e5 39. Be2 exf4 40. Bc4+ Kg7 41. Qd4+ Kh6 42. gxf4 Qd7 43. Qe5 Qg7 44. Be6 e3 45. Kc3 g5 46. Qxg7+ Kxg7 47. fxg5 Kf8 48. Bf5 Kf7 49. Kd3 b5 50. a5 b4 51. Kxe3 1-0

[Event "TUR-ch U13/18"]
[Site "Antalya"]
[Date "2023.01.28"]
[Round "10"]
[White "Portakalci, Yusuf"]
[Black "Kazik, Oguz Kagan"]
[Result "0-1"]
[WhiteElo "1729"]
[BlackElo "2053"]
[PlyCount "95"]
[EventDate "2023.01.17"]
[EventType "swiss"]
[EventRounds "10"]
[EventCountry "TUR"]
[SourceTitle "EXT 2024"]
[Source "ChessBase"]
[SourceDate "2023.10.10"]
[SourceVersion "1"]
[SourceVersionDate "2023.10.10"]
[SourceQuality "1"]

1. Nf3 Nf6 2. d4 d5 3. g3 g6 4. Bg2 Bg7 5. 0-0 0-0 6. b3 c5 7. e3 cxd4 8. exd4 Nc6 9. Bb2 Bf5 10. Nbd2 Rc8 11. c3 b5 12. Qe2 Qb6 13. h3 Be4 14. Rfe1 Rfd8 15. Rad1 a5 16. Bf1 Bxf3 17. Nxf3 Rb8 18. Qe3 e6 19. Bd3 Rb7 20. Qf4 Rbd7 21. Bb1 b4 22. cxb4 axb4 23. Rc1 Rc8 24. Rc5 Rdc7 25. Rec1 Nh5 26. Qe3 Nxd4 27. Rxc7 Rxc7 28. Rxc7 Nxf3+ 29. Qxf3 Qxc7 30. Bxg7 Qc1+ 31. Kg2 Kxg7 32. Bd3 Qd2 33. Qe2 Qxe2 34. Bxe2 Nf6 35. f3 Kf8 36. Kf2 Ke7 37. Ke3 Kd6 38. Bd3 e5 39. h4 Nh5 40. g4 Nf4 41. Bf1 f5 42. Kd2 e4 43. fxe4 fxe4 44. Bb5 d4 45. Bc4 h6 46. Ke1 Ng2+ 47. Kf2 Nxh4 48. Kg3 0-1

[Event "EU-ch U16 30th"]
[Site "Antalya"]
[Date "2022.11.06"]
[Round "1"]
[White "Kazik, Oguz Kagan"]
[Black "Kuzmin, Roman"]
[Result "1/2-1/2"]
[WhiteElo "1895"]
[BlackElo "2248"]
[PlyCount "46"]
[EventDate "2022.11.06"]
[EventType "swiss"]
[EventRounds "9"]
[EventCountry "TUR"]
[SourceTitle "EXT 2024"]
[Source "ChessBase"]
[SourceDate "2023.10.10"]
[SourceVersion "1"]
[SourceVersionDate "2023.10.10"]
[SourceQuality "1"]

1. c4 e5 2. d3 Nf6 3. Nf3 Nc6 4. a3 d5 5. cxd5 Nxd5 6. b4 f6 7. e4 Nb6 8. Be3 Be6 9. Be2 a5 10. b5 Nd4 11. Bxd4 exd4 12. Nbd2 a4 13. Qc2 Qd7 14. 0-0 Be7 15. Rfc1 Rc8 16. Qb2 Rd8 17. Nf1 0-0 18. Ng3 Bd6 19. Qxd4 Qxb5 20. Qc3 Qb3 21. Bd1 Qxc3 22. Rxc3 Bg4 23. d4 Rf7 1/2-1/2

[Event "TUR-chT 1st League"]
[Site "Konya"]
[Date "2022.08.25"]
[Round "6.7"]
[White "Tinmaz, Kerem"]
[Black "Kazik, Oguz Kagan"]
[Result "1-0"]
[WhiteElo "2325"]
[BlackElo "1740"]
[PlyCount "61"]
[EventDate "2022.08.22"]
[EventType "team-swiss"]
[EventRounds "9"]
[EventCountry "TUR"]
[SourceTitle "CBM 209 Extra"]
[Source "ChessBase"]
[SourceDate "2022.09.30"]
[SourceVersion "1"]
[SourceVersionDate "2022.09.30"]
[SourceQuality "1"]
[WhiteTeam "Mavisehir Altyapi"]
[BlackTeam "Olbia Satranc"]
[WhiteTeamCountry "TUR"]
[BlackTeamCountry "TUR"]

1. e4 c5 2. Nc3 a6 3. Nf3 e6 4. d4 cxd4 5. Nxd4 b5 6. Bd3 Qb6 7. Nb3 Bb7 8. a4 b4 9. a5 Qc7 10. Na4 Nc6 11. Nb6 Rb8 12. Be3 Nf6 13. Qe2 Be7 14. f3 h5 15. Bxa6 Bxa6 16. Qxa6 Bd6 17. g3 h4 18. 0-0-0 hxg3 19. hxg3 Rxh1 20. Rxh1 Bxg3 21. Rh8+ Ke7 22. Nc8+ Rxc8 23. Rxc8 Qe5 24. Bc5+ d6 25. Qb7+ Nd7 26. Rxc6 Qh5 27. Kb1 dxc5 28. Nxc5 Qxf3 29. Qxd7+ Kf6 30. Nxe6 Qd1+ 31. Qxd1 1-0

[Event "Kirsehir Ahilik op"]
[Site "Kirsehir"]
[Date "2021.09.17"]
[Round "8"]
[White "Kazik, Oguz Kagan"]
[Black "Aliyev, Aykhan"]
[Result "0-1"]
[WhiteElo "1876"]
[BlackElo "1816"]
[PlyCount "74"]
[EventDate "2021.09.13"]
[EventType "swiss"]
[EventRounds "9"]
[EventCountry "TUR"]
[SourceTitle "CBM 204 Extra"]
[Source "ChessBase"]
[SourceDate "2021.11.30"]
[SourceVersion "1"]
[SourceVersionDate "2021.11.30"]
[SourceQuality "1"]

1. c4 e6 2. Nc3 d5 3. d4 Nf6 4. cxd5 exd5 5. Bg5 Be7 6. e3 Nbd7 7. Bd3 c6 8. Qc2 0-0 9. Nf3 Re8 10. 0-0 Nf8 11. Rab1 Ne4 12. Bxe7 Qxe7 13. b4 a6 14. a4 Ng6 15. b5 axb5 16. axb5 Nxc3 17. Qxc3 Bg4 18. Nd2 Ra3 19. Nb3 Nh4 20. Kh1 Nf3 21. Be2 Nxh2 22. f3 Nxf1 23. Rxf1 Qxe3 24. Qxe3 Rxe3 25. fxg4 Raxb3 26. Bf3 Rxb5 27. Ra1 Kf8 28. Ra8+ Ke7 29. Rh8 h6 30. Kh2 c5 31. dxc5 Rxc5 32. Rb8 Rb3 33. Kg3 d4 34. Rxb7+ Rxb7 35. Bxb7 d3 36. Kf2 Re5 37. Bf3 Kd6 0-1

[Event "TUR Cup"]
[Site "Antalya"]
[Date "2020.01.29"]
[Round "5"]
[White "Durucay, Uygar"]
[Black "Kazik, Oguz Kagan"]
[Result "0-1"]
[WhiteElo "1544"]
[BlackElo "1888"]
[PlyCount "72"]
[EventDate "2020.01.26"]
[EventType "swiss"]
[EventRounds "11"]
[EventCountry "TUR"]
[SourceTitle "CBM 194 Extra"]
[Source "ChessBase"]
[SourceDate "2020.03.31"]
[SourceVersion "1"]
[SourceVersionDate "2020.03.31"]
[SourceQuality "1"]

1. d4 Nf6 2. Bf4 d5 3. e3 c5 4. c3 Nc6 5. Nd2 Bf5 6. Qb3 Qc8 7. Ngf3 c4 8. Qd1 b5 9. b3 h6 10. Be2 e6 11. a3 Be7 12. h3 0-0 13. 0-0 a5 14. Qc1 cxb3 15. Bxb5 a4 16. Qb2 Qb7 17. Be2 Na5 18. Ne5 Rfc8 19. c4 Qa6 20. Rac1 Bc2 21. Qc3 dxc4 22. Ndxc4 Nd5 23. Qxa5 Qxa5 24. Nxa5 Nxf4 25. exf4 Rxa5 26. Nc4 Rxc4 27. Bxc4 Bxa3 28. Rce1 Bb4 29. Re3 Bd2 30. Rf3 Ra7 31. d5 exd5 32. Bxd5 Rc7 33. f5 Rc5 34. Bb7 a3 35. Ra1 a2 36. Be4 b2 0-1

[Event "TUR Cup"]
[Site "Antalya"]
[Date "2020.01.26"]
[Round "1"]
[White "Erdeniz, Mehmet"]
[Black "Kazik, Oguz Kagan"]
[Result "0-1"]
[WhiteElo "1466"]
[BlackElo "1888"]
[PlyCount "116"]
[EventDate "2020.01.26"]
[EventType "swiss"]
[EventRounds "11"]
[EventCountry "TUR"]
[SourceTitle "CBM 194 Extra"]
[Source "ChessBase"]
[SourceDate "2020.03.31"]
[SourceVersion "1"]
[SourceVersionDate "2020.03.31"]
[SourceQuality "1"]

1. Nc3 d5 2. e4 d4 3. Nce2 e5 4. Ng3 Nf6 5. Nf3 Bd6 6. Bc4 a6 7. a3 0-0 8. d3 Nc6 9. Bd2 Ne7 10. Bg5 Ng6 11. h4 h6 12. h5 Nf4 13. Bxf4 exf4 14. Ne2 Bg4 15. Qd2 Nxh5 16. 0-0-0 c5 17. Rxh5 Bxh5 18. Nxf4 Bxf3 19. gxf3 Qg5 20. Nd5 Qxd2+ 21. Kxd2 b5 22. Ba2 g5 23. Rg1 Kh7 24. Nf6+ Kg6 25. Nd5 f5 26. Nb6 Rad8 27. Bd5 Bc7 28. exf5+ Kh7 29. Be4 Bxb6 30. f4 g4 31. Rh1 Rf6 32. Ke2 c4 33. a4 Rd7 34. Kf1 cxd3 35. cxd3 Rc7 36. Kg2 b4 37. Bd5 Rc5 38. Bc4 Rfxf5 39. Bxa6 Rxf4 40. Re1 Rc7 41. Re6 Bc5 42. Bc4 Kg7 43. a5 Rf6 44. Re8 h5 45. Rg8+ Kh6 46. a6 Kh7 47. Ra8 Kg6 48. Rg8+ Kf5 49. Rh8 Kg5 50. Rg8+ Rg6 51. Re8 h4 52. Re5+ Kf4 53. Re4+ Kf5 54. Re8 h3+ 55. Kh1 Rf6 56. Bd5 Rxa6 57. Be4+ Kf4 58. Re6 Rxe6 0-1

[Event "TUR-ch U13-U18"]
[Site "Antalya"]
[Date "2020.01.19"]
[Round "1"]
[White "Kazik, Oguz Kagan"]
[Black "Dulek, Yavuz Selim"]
[Result "1-0"]
[WhiteElo "1888"]
[BlackElo "1233"]
[PlyCount "71"]
[EventDate "2020.01.19"]
[EventType "swiss"]
[EventRounds "11"]
[EventCountry "TUR"]
[SourceTitle "CBM 195 Extra"]
[Source "ChessBase"]
[SourceDate "2020.05.31"]
[SourceVersion "1"]
[SourceVersionDate "2020.05.31"]
[SourceQuality "1"]

1. e4 d5 2. exd5 Nf6 3. Nf3 Nxd5 4. d4 Bf5 5. a3 e6 6. Bd3 Bg6 7. 0-0 Nd7 8. c4 N5f6 9. Bxg6 hxg6 10. Bf4 Nh5 11. Be3 Nhf6 12. Qb3 Nb6 13. Nc3 c6 14. c5 Nbd5 15. Qxb7 Rc8 16. Bg5 Rc7 17. Qa6 Qb8 18. Nxd5 Nxd5 19. b4 f6 20. Bh4 g5 21. Bg3 Nf4 22. Bxf4 gxf4 23. Rfe1 Kf7 24. Qc4 Re7 25. Nd2 g5 26. Ne4 Re8 27. Rab1 Be7 28. Nc3 Bd8 29. b5 f3 30. g3 Rxh2 31. Kxh2 Bc7 32. Ne4 Rh8+ 33. Kg1 Rh1+ 34. Kxh1 Qh8+ 35. Kg1 Qh3 36. Qf1 1-0

[Event "TUR Cup"]
[Site "Antalya"]
[Date "2019.01.31"]
[Round "8"]
[White "Percin, Onder"]
[Black "Kazik, Oguz Kagan"]
[Result "1-0"]
[WhiteElo "2084"]
[BlackElo "1771"]
[PlyCount "99"]
[EventDate "2019.01.27"]
[EventType "swiss"]
[EventRounds "11"]
[EventCountry "TUR"]
[SourceTitle "CBM 188 Extra"]
[Source "ChessBase"]
[SourceDate "2019.02.26"]
[SourceVersion "1"]
[SourceVersionDate "2019.02.26"]
[SourceQuality "1"]

1. e4 c5 2. Nc3 Nc6 3. g3 g6 4. Bg2 Bg7 5. d3 d6 6. f4 e6 7. Nf3 Nge7 8. 0-0 0-0 9. Be3 Rb8 10. Qd2 b5 11. Kh1 b4 12. Nd1 a5 13. Rb1 Ba6 14. Qf2 Qc7 15. Re1 c4 16. d4 d5 17. e5 a4 18. g4 f6 19. exf6 Bxf6 20. Bc1 Bc8 21. Be3 Bd7 22. Ra1 Nc8 23. a3 Nd6 24. axb4 Ne4 25. Qe2 Nxb4 26. Nc3 Nxc3 27. bxc3 Nc6 28. Rxa4 Rb2 29. Raa1 Na5 30. Bc1 Rbb8 31. Ba3 Rfe8 32. Ne5 Bc8 33. g5 Bg7 34. h4 Nc6 35. Ng4 Qxf4 36. Bxd5 Nd8 37. Bg2 e5 38. Nh2 Qxh4 39. Bd6 Rb6 40. Bc7 Rb7 41. Qxc4+ Be6 42. Qc5 Rb2 43. Re2 Bf8 44. Bd6 Bxd6 45. Qxd6 Nf7 46. Qc6 Rc8 47. Qxe6 Rcb8 48. Rf1 Rf8 49. Ref2 Rb1 50. Rxf7 1-0

[Event "TUR Cup"]
[Site "Antalya"]
[Date "2019.01.27"]
[Round "1"]
[White "Kazik, Oguz Kagan"]
[Black "Askar, Mizgin"]
[Result "1-0"]
[WhiteElo "1771"]
[BlackElo "1275"]
[PlyCount "127"]
[EventDate "2019.01.27"]
[EventType "swiss"]
[EventRounds "11"]
[EventCountry "TUR"]
[SourceTitle "CBM 188 Extra"]
[Source "ChessBase"]
[SourceDate "2019.02.26"]
[SourceVersion "1"]
[SourceVersionDate "2019.02.26"]
[SourceQuality "1"]

1. e4 e5 2. Nc3 Bc5 3. Bc4 Nf6 4. d3 c6 5. Nf3 b5 6. Bb3 d6 7. 0-0 a5 8. a4 b4 9. Ne2 Ba6 10. Ng3 Qb6 11. Ng5 0-0 12. Nf5 d5 13. exd5 cxd5 14. Qf3 h6 15. Bxd5 Nxd5 16. Qxd5 Bb7 17. Qxe5 Bd4 18. Qxd4 Qxd4 19. Nxd4 hxg5 20. Bxg5 f6 21. Bf4 g5 22. Bd6 Rd8 23. Nb5 Nc6 24. Rfe1 Ba6 25. Be7 Nxe7 26. Rxe7 Bxb5 27. axb5 Rdb8 28. Re6 Kf7 29. Ra6 Re8 30. g3 Rac8 31. Rc1 Re2 32. c4 Rxb2 33. b6 Re8 34. b7 Rb8 35. Ra7 b3 36. Kg2 Rc2 37. Rb1 b2 38. Rxa5 Rxb7 39. Rb5 Rxb5 40. cxb5 Ke6 41. h4 Kd6 42. h5 Kc5 43. h6 Kb6 44. Rxb2 Rc7 45. Kf3 Rh7 46. Ke4 Rxh6 47. d4 g4 48. Kf5 Rh5+ 49. Kxg4 Rd5 50. f4 Rxd4 51. Kf5 Rd3 52. g4 Rd4 53. Rb3 Rd6 54. Re3 Kxb5 55. Re6 Rd5+ 56. Kxf6 Kc4 57. g5 Rd4 58. f5 Rd8 59. g6 Rf8+ 60. Ke5 Kc5 61. g7 Rd8 62. Rg6 Re8+ 63. Kf6 Rc8 64. g8Q 1-0